Negocios internacionales: (Registro nro. 9566)

Detalles MARC
000 -Cabecera
Campo de control interno 00881nam a2200217Ia 4500
005 - Fecha y hora del registro
control field 20260420155157.0
008 - Elementos de Longitud Fija
fixed length control field 260306t2018||||xx |||||||||||||| ||spa||
041 ## - Idioma
Codigo Idioma ESP
082 ## - DEWEY y NOTACIÓN INTERNA
Dewey 382.1
Notación Interna D23 2018
100 ## - AUTOR
Autor denominación Daniels, John D.
Término de relación autor
245 #0 - TÍTULO DE MATERIAL BIBLIOGRÁFICO
Título Negocios internacionales:
Título paralelo ambientes y operaciones
260 ## - CIUDAD, EDITORIAL, AÑO
Año 2018
300 ## - DESCRIPCIÓN
N° Páginas xlv, 639 páginas :
Dimensiones 27 cm.
650 ## - TEMAS
Temas Generalidades
654 ## - PROGRAMAS
Programa Dpto. de Administración de Negocios
856 ## - URL - UBICACIÓN
URI/URL: Enlace exacto del recurso <a href="https://itmsp.museknowledge.com/UCSP?url=https://www.ebooks7-24.com:443/?il=7340&pg=2">https://itmsp.museknowledge.com/UCSP?url=https://www.ebooks7-24.com:443/?il=7340&pg=2</a>
Nota pública: Versión digital <a href="Versión digital">Versión digital</a>
856 ## - URL - UBICACIÓN
URI/URL: Enlace exacto del recurso <a href="https://0u213x8fl-y-https-ebooks7--24-com.itmsp.museknowledge.com/biblioteca.aspx">https://0u213x8fl-y-https-ebooks7--24-com.itmsp.museknowledge.com/biblioteca.aspx</a>
Nota pública: Versión digital <a href="Véase además: Base de datos Ebook7-24">Véase además: Base de datos Ebook7-24</a>
856 ## - URL - UBICACIÓN
URI/URL: Enlace exacto del recurso <a href="https://0u20vx80g-y-https-ebookcentral-proquest-com.itmsp.museknowledge.com/lib/catolicasp/home.action">https://0u20vx80g-y-https-ebookcentral-proquest-com.itmsp.museknowledge.com/lib/catolicasp/home.action</a>
Nota pública: Versión digital <a href="Véase además: Base de datos ProQuest Ebook Central">Véase además: Base de datos ProQuest Ebook Central</a>
942 ## - ELEMENTOS DE KOHA
Tipo de documento Libro
Nombre del creador Justo Noguera
Código de catalogador Justo Noguera
Esquema de clasificación Dewey Decimal Classification
Existencias
Codigo completo Registro Colección Copia número Disponibilidad Tipo de préstamo Biblioteca Actual Procedencia (Biblioteca) Ubicacón Fecha Ingreso Tipo de Adquisición Date last seen Total checkouts Price effective from Tipo de Item Estado del Material Fuente de Clasificación Damaged status Withdrawn status
382.1 D23 2018 1064442 Universidad Católica San Pablo 1 Disponible Disponible Víctor Andrés Belaunde Víctor Andrés Belaunde Planta baja abierta 03/06/2026 Compra 06/03/2026   06/03/2026 Libro Bueno Dewey Decimal Classification    
382.1 D23 2018 1064443 Universidad Católica San Pablo 2 Disponible Disponible Víctor Andrés Belaunde Víctor Andrés Belaunde Planta baja abierta 03/06/2026 Compra 06/03/2026   06/03/2026 Libro Bueno Dewey Decimal Classification    
382.1 D23 2018 1064444 Universidad Católica San Pablo 3 Disponible Disponible Víctor Andrés Belaunde Víctor Andrés Belaunde Planta baja abierta 03/06/2026 Compra 06/03/2026   06/03/2026 Libro Bueno Dewey Decimal Classification